000 00828 a2200229 4500
005 20251215124400.0
008 251215b |||||||| |||| 00| 0 eng d
020 _a9788178830647 (hbk)
037 _cTB
040 _aCRL
_cCRL
041 _2pun
_apun
084 _aU8 153R1
_qCRL
100 _aਬਾਵਾ, ਮਨਮੋਹਨ
_9848406
245 _aਜਂਗਲ ਜਂਗਲ ਪਰਬਤ ਪਰਬਤ
246 _a Jangle Jangle Parbat Parbat / Manmohan Bawa
260 _aludhiana, Bharat:
_bChetna Prakashan,
_c2021.
300 _a163p.
365 _b150.00
_cINR
650 _2ਸਫਰਨਾਮਾ
942 _cTB
_2CC
_n0
_hU8 153R1
999 _c1464784
_d1464784